| 000 | 00960nam a22003137a 4500 | ||
|---|---|---|---|
| 003 | CHAP | ||
| 005 | 20220329135137.0 | ||
| 008 | 971013s1970 r 00010 d | ||
| 010 | _a31602 | ||
| 011 | _a32574 | ||
| 035 | _a36689 | ||
| 040 | _cCHAP | ||
| 082 |
_a001.6424 _bC7 1970 |
||
| 100 | 0 | 0 |
_aCress, Paul. _928914 |
| 245 | _aFORTRAN IN with WATFOR and WATFIV | ||
| 260 |
_aEnglewwodd Cliffs : _bPrentice-Hall, _c1970 |
||
| 300 | _a447 p. | ||
| 590 |
_aBATCH-UPD _b10 _c20130110 _lUCH01 _h0207 |
||
| 590 |
_aBATCH-UPD _b10 _c20130110 _lUCH01 _h2132 |
||
| 590 |
_aBATCH-UPD _b10 _c20130409 _lUCH01 _h2221 |
||
| 590 |
_aBATCH-UPD _b10 _c20130914 _lUCH01 _h1105 |
||
| 590 |
_aCONVERSION _b10 _c20130109 _lUCH01 _h1318 |
||
| 650 | 1 | 4 |
_aFORTRAN (Programación) _942651 |
| 700 | 0 |
_aDirksen, Paul. _932702 |
|
| 700 | 0 |
_aGraham, J. Wesley. _950216 |
|
| 901 | _aBK | ||
| 942 | _cLIBRO | ||
| 949 |
_a001.6424 C7 1970 _bBC _cLIBRO _d33724000290573 _eLIBRO _h29514 _i36689 _si |
||
| 999 |
_c31602 _d31602 |
||